000 00369nam a2200157 4500
003 OSt
008 250124b |||||||| |||| 00| 0 eng d
020 _a9781259028434
100 _aRAMACHANDRAN, N.
245 _aHow to Read a Balance Sheet
250 _a2nd.
260 _aNew Delhi
_bMc Graw Hill
_c2021
300 _a90
650 _aApplied Sc
942 _2ddc
_cBK
999 _c13013
_d13013